ՀՀ Գիտությունների ազգային ակադեմիայի հիմնարար գիտական գրադարան  =   Fundamental Scientific Library of NAS RA

Свитак : (Record no. 539566)

MARC details
000 -LEADER
fixed length control field 00656nas a22002057a 4500
003 - CONTROL NUMBER IDENTIFIER
control field AM-YEHGA
005 - DATE AND TIME OF LATEST TRANSACTION
control field 20260120135511.0
008 - FIXED-LENGTH DATA ELEMENTS--GENERAL INFORMATION
fixed length control field 251104c1994 ci ||||| |||| 00| srp d
022 ## - INTERNATIONAL STANDARD SERIAL NUMBER
International Standard Serial Number 0354-7329
040 ## - CATALOGING SOURCE
Original cataloging agency AM-YEHGA
041 0# - LANGUAGE CODE
Language code of text/sound track or separate title srp
001 - CONTROL NUMBER
control field 2038789
245 00 - TITLE STATEMENT
Title Свитак :
Remainder of title Књижевне новине /
Statement of responsibility, etc. Одг. уред. Милијан Деспотовић.
260 ## - PUBLICATION, DISTRIBUTION, ETC.
Place of publication, distribution, etc. Пожега :
Name of publisher, distributor, etc. Изд. радионица Свитак при КД Развигор,
Date of publication, distribution, etc. 1994-
300 ## - PHYSICAL DESCRIPTION
Extent number
310 ## - CURRENT PUBLICATION FREQUENCY
Current publication frequency quarterly
650 14 - SUBJECT ADDED ENTRY--TOPICAL TERM
Topical term or geographic name entry element Serbian literature
Form subdivision Journals
700 1# - ADDED ENTRY--PERSONAL NAME
Personal name Деспотовић, Милијан
Relator term edt
942 ## - ADDED ENTRY ELEMENTS (KOHA)
Source of classification or shelving scheme Universal Decimal Classification
Koha item type Շարունակական պաշար / Continuing Resource

No items available.


ՀՀ ԳԱԱ հիմնարար գիտական գրադարան
ՀՀ,Երևան 0019
Մարշալ Բաղրամյան 24/6
հեռախոս:(374-10) 52-47-50
Հետադարձ կապ

All site content, except where otherwise noted, is licensed under a
Creative Commons License